01418nam a22003617a 4500001001000000003001100010005001700021008004100038020001700079040001800096041000800114050002000122110008400142240003400226245003000260260006400290300001900354500001100373505013300384610005600517650005400573651005100627700004100678700004400719700003400763700003200797700003700829700003100866700003100897700003700928700003200965710005900997BRCA_9262FranzMayer20230717132318.0230714b |||||||| |||| 00| 0 eng d aEn trámite aMFMbespcMFM aesp 0aPQ601bC53 20181 4EditorialaUniversidad del Claustro de Sor JuanabEstudios de Cultura Virreinal1 aProlija memoria Nov 2018lesp0 aProlija memoria Nov. 2018 aCDMX, MéxicobUniversidad del Claustro de Sor Juanac2018 a153 pc23.5 cm aL60/N50 aDestinado a: Historiadores, investigadores, literatos, filólogos, sociólogosTexto en: españolIncluye índice (temático)1 2ColaboradoraUNAMbFacultad de filosofía y letras1 2LiteraturaaLiteratura españolavNueva España2 2Nueva EspañaaVirreinalvLiteraturaxEnsayos1 4Dir.aBravo Arriaga, María Dolores1 4Col.aRíos Espinosa, María Cristina1 4Col.aRomero Alaniz, Fermín1 4Col.aLópez Romero, David1 4Col.aAgis Juárez, RaúlAzael1 4Col.aGuzman Olea, Eduardo1 4Col.aCruz Lazcano, Victor1 4ColaVera García, Rey Fernando1 4Col.aTorres Riosco, Arturo1 4Editorial col.aUNAMbFacultad de filosofía y letras